Powiaty według 2 pierwszych liter - Statystyki

Ogólne statystyki
  • Ten quiz został rozwiązany 8 549 razy
  • Średni wynik to 259 z 380
Odpowiedzi na mapie
Odpowiedzi zakodowano w zielono-czerwonej skali na mapie do tego quizu, zgodnie z poniższymi procentami.
 
Statystyki odpowiedzi
Powiat % Poprawnych
wąbrzeski
96%
wadowicki
96%
wągrowiecki
96%
Wałbrzych
96%
wałbrzyski
96%
wałecki
96%
Warszawa
96%
warszawski zachodni
96%
poddębicki
93%
policki
93%
polkowicki
93%
Poznań
93%
poznański
93%
kaliski
90%
Kalisz
90%
kamiennogórski
90%
kamieński
90%
karkonoski
90%
kartuski
90%
Katowice
90%
kazimierski
90%
Biała Podlaska
89%
białobrzeski
89%
białogardzki
89%
białostocki
89%
bialski
89%
Białystok
89%
bielski
89%
Bielsko-Biała
89%
bieruńsko-lędziński
89%
bieszczadzki
89%
biłgorajski
89%
konecki
89%
Konin
89%
kościański
89%
Koszalin
89%
kozienicki
89%
łódzki wschodni
89%
łosicki
89%
łowicki
89%
kolbuszowski
88%
kolneński
88%
kołobrzeski
88%
kolski
88%
koniński
88%
kościerski
88%
koszalinski
88%
łobeski
88%
Łódź
88%
Łomża
88%
łomżyński
88%
Szczecin
87%
szczecinecki
87%
szydłowiecki
87%
szamotulski
86%
szczycieński
86%
sztumski
86%
ząbkowicki
85%
zawierciański
85%
Gdańsk
84%
gdański
84%
Gdynia
84%
lubaczowski
84%
lubański
84%
lubartowski
84%
lubelski
84%
lubiński
84%
Lublin
84%
lubliniecki
84%
łukowski
84%
Zabrze
84%
żagański
84%
zambrowski
84%
zamojski
84%
Zamość
84%
żarski
84%
czarnkowsko-trzcianecki
83%
kielecki
83%
Kraków
83%
krakowski
83%
krapkowicki
83%
kraśnicki
83%
krasnostawski
83%
krośnieński
83%
Krosno
83%
krotoszyński
83%
rawicki
83%
tomaszowski
83%
Toruń
83%
toruński
83%
Częstochowa
82%
częstochowski
82%
człuchowski
82%
Kielce
82%
raciborski
82%
Radom
82%
radomski
82%
radomszczański
82%
radziejowski
82%
radzyński
82%
rawski
82%
gorlicki
81%
olecki
81%
oleśnicki
81%
sochaczewski
81%
sokołowski
81%
sokólski
81%
Sopot
81%
Sosnowiec
81%
Wrocław
81%
wrocławski
81%
wrzesiński
81%
bydgoski
80%
Bydgoszcz
80%
Bytom
80%
bytowski
80%
gołdapski
80%
goleniowski
80%
golubsko-dobrzyński
80%
górowski
80%
gorzowski
80%
Gorzów Wielkopolski
80%
gostyniński
80%
gostyński
80%
lęborski
80%
łęczycki
80%
łęczyński
80%
legionowski
80%
Legnica
80%
legnicki
80%
leski
80%
leszczyński
80%
Leszno
80%
leżajski
80%
oławski
79%
oleski
79%
olkuski
79%
Olsztyn
79%
olsztyński
79%
Tarnobrzeg
79%
tarnobrzeski
79%
tarnogórski
79%
Tarnów
79%
tarnowski
79%
tatrzański
79%
nowosądecki
77%
Nowy Sącz
77%
piaseczyński
77%
Piekary Śląskie
77%
pilski
77%
pińczowski
77%
piotrkowski
77%
Piotrków Trybunalski
77%
piski
77%
nowodworski
76%
nowomiejski
76%
nowosolski
76%
nowotarski
76%
nowotomyski
76%
opatowski
76%
opoczyński
76%
Opole
76%
opolski
76%
Zielona Góra
76%
zielonogórski
76%
Rzeszów
75%
rzeszowski
75%
sulęciński
75%
suski
75%
Suwałki
75%
suwalski
75%
Chełm
73%
chełmiński
73%
chełmski
73%
chodzieski
73%
chojnicki
73%
Chorzów
73%
choszczeński
73%
chrzanowski
73%
ełcki
73%
węgorzewski
73%
węgrowski
73%
wejherowski
73%
międzyrzecki
72%
mielecki
72%
milicki
72%
Elbląg
71%
elbląski
71%
miechowski
71%
międzychodzki
71%
mikołowski
71%
miński
71%
siedlecki
70%
Siemianowice Śląskie
70%
siemiatycki
70%
sierpecki
70%
Siedlce
69%
sieradzki
69%
makowski
68%
malborski
68%
proszowicki
68%
prudnicki
68%
pruszkowski
67%
przasnyski
67%
przemyski
67%
Przemyśl
67%
przeworski
67%
przysuski
67%
świdnicki
67%
świecki
67%
Świnoujście
67%
Jastrzębie-Zdrój
66%
Płock
66%
płocki
66%
sanocki
66%
słubicki
66%
słupecki
66%
Słupsk
66%
świdwiński
66%
świebodziński
66%
Świętochłowice
66%
janowski
65%
jarociński
65%
jarosławski
65%
jasielski
65%
jaworski
65%
Jaworzno
65%
pleszewski
65%
płoński
65%
sandomierski
65%
sławieński
65%
słupski
65%
Włocławek
64%
włocławski
64%
włodawski
64%
włoszczowski
64%
grójecki
63%
Grudziądz
63%
grudziądzki
63%
gryficki
63%
ostrołęcki
63%
ostrowiecki
63%
pucki
63%
puławski
63%
pułtuski
63%
wielicki
63%
wodzisławski
63%
wołomiński
63%
wołowski
63%
wolsztyński
63%
bartoszycki
62%
bolesławiecki
62%
Dąbrowa Górnicza
62%
dąbrowski
62%
grajewski
62%
grodziski
62%
gryfiński
62%
Jelenia Góra
62%
wieluński
62%
wieruszowski
62%
bocheński
61%
jędrzejowski
61%
lidzbarski
61%
limanowski
61%
lipnowski
61%
lipski
61%
ostródzki
61%
Ostrołęka
61%
ostrowski
61%
ostrzeszowski
61%
oświęcimski
61%
pabianicki
61%
pajęczański
60%
parczewski
60%
będziński
58%
bełchatowski
58%
łańcucki
58%
łaski
58%
kłobucki
57%
kędzierzyńsko-kozielski
56%
kępiński
56%
kętrzyński
56%
kłodzki
56%
kluczborski
56%
moniecki
55%
brodnicki
54%
Gliwice
54%
gliwicki
54%
głogowski
54%
głubczycki
54%
mogileński
54%
nakielski
54%
namysłowski
54%
rybnicki
54%
Rybnik
54%
rycki
54%
rypiński
54%
sejneński
54%
sępoleński
54%
braniewski
53%
brzeski
53%
brzeziński
53%
brzozowski
53%
ciechanowski
53%
cieszyński
53%
starachowicki
52%
strzelecki
52%
strzelecko-drezdenecki
52%
nidzicki
51%
stalowowolski
51%
stargardzki
51%
starogardzki
51%
staszowski
51%
strzeliński
51%
strzyżowski
51%
hajnowski
50%
augustowski
49%
myślenicki
49%
niżański
49%
myśliborski
48%
Mysłowice
48%
myszkowski
48%
Tychy
48%
turecki
47%
Żory
47%
skarżyski
46%
skierniewicki
46%
tucholski
46%
dębicki
45%
garwoliński
45%
ropczycko-sędziszowski
45%
Ruda Śląska
45%
żywiecki
45%
żyrardowski
44%
kutnowski
43%
Skierniewice
43%
buski
42%
giżycki
42%
wysokomazowiecki
40%
wyszkowski
39%
inowrocławski
37%
zgierski
37%
zgorzelecki
37%
działdowski
35%
aleksandrowski
34%
nyski
34%
dzierżoniowski
33%
trzebnicki
32%
hrubieszowski
31%
iławski
31%
pyrzycki
30%
żuromiński
30%
średzki
29%
śremski
29%
tczewski
28%
otwocki
27%
złotoryjski
27%
złotowski
27%
drawski
26%
mławski
26%
mrągowski
26%
wschowski
26%
gnieźnieński
25%
pszczyński
25%
kwidzyński
24%
obornicki
20%
żniński
17%
lwówecki
16%
zduńskowolski
16%
zwoleński
14%
Nie znaleziono quizów pasujących do podanych kryteriów
Rozkład punktacji
Procent ludzi z każdym wynikiem
Percentyl według liczby udzielonych odpowiedzi
Twoja historia wyników
Nie rozwiązałeś tego quizu